South America Capitals Quiz - 15 second sprint - Statistics

General Stats
  • This quiz has been taken 68 times
  • The average score is 6 of 12
Answer Stats
Country Capital % Correct
Argentina Buenos Aires
96%
Brazil Brasília
84%
Bolivia La Paz or Sucre
69%
Colombia Bogotá
67%
Peru Lima
60%
Chile Santiago
60%
Ecuador Quito
49%
Venezuela Caracas
40%
Uruguay Montevideo
36%
Paraguay Asunción
31%
Guyana Georgetown
31%
Suriname Paramaribo
24%
No matching quizzes found
Score Distribution
Percent of People with Each Score
Percentile by Number Answered
Your Score History
You have not taken this quiz